000
00315nam a22001457a 4500
008
210308b ||||| |||| 00| 0 eng d
020
_a
0030118387
041
_a
eng
080
_2
3rd
_a
61
082
_a
61
100
_a
3
101
_a
SHM
245
_a
Clinical Exercise Testing
_c
Jones, N.L
942
_2
udc
_c
BK
999
_c
55933
_d
55933